| 000 | 00482nam a22001817a 4500 | ||
|---|---|---|---|
| 003 | OSt | ||
| 005 | 20140310182345.0 | ||
| 008 | 130927t xxu||||| |||| 00| 0 eng d | ||
| 020 | _a0-439-78454-9 | ||
| 050 |
_aPZ 7 _b.R884 2005 |
||
| 082 |
_aFIC _bR79h 2005 |
||
| 245 |
_aHarry Potter : and the half-blood Prince _c J. K. Rowling. |
||
| 260 |
_aNew York : _b Scholastic, _cc2005. |
||
| 300 |
_a652 p. _c24 cm. |
||
| 650 |
_aFiction _9746 |
||
| 942 |
_2lcc _cBK-FIC |
||
| 999 |
_c12218 _d12218 |
||